Tercer informe de Gobierno.

Tri správy mexického prezidenta predložené mexickej vláde a parlamentu na témy: ekonomický vývoj Mexika 1988-1991, predpoklad na ďalšie 3 roky a predpoklad vývoja na celú dekádu 90. rokov, návrh nariadenia na ústavné usporiadanie systému vlastníctva pôdy, desať bodov na reformu čl. 27 Ústavy v prosp...

Descripción completa

Guardado en:
Detalles Bibliográficos
Autor principal: Salinas Gortari, C.de
Formato: Capítulo de libro
Lenguaje:español
Materias:
Etiquetas: Agregar Etiqueta
Sin Etiquetas, Sea el primero en etiquetar este registro!

MARC

LEADER 00000naa a2200000 4500
001 r006530
005 20221208122402.5
041 0 |a spa 
044 |a MX 
245 1 0 |a Tercer informe de Gobierno.  |c C.de Salinas Gortari 
520 |a Tri správy mexického prezidenta predložené mexickej vláde a parlamentu na témy: ekonomický vývoj Mexika 1988-1991, predpoklad na ďalšie 3 roky a predpoklad vývoja na celú dekádu 90. rokov, návrh nariadenia na ústavné usporiadanie systému vlastníctva pôdy, desať bodov na reformu čl. 27 Ústavy v prospech zlepšenia života na mexickom vidieku. 
610 2 0 |a rozvoj hospodársky 
610 2 0 |a Mexiko 
610 2 0 |a 1988-1991 
610 2 0 |a vidiek 
610 2 0 |a vlastníctvo 
610 2 0 |a pôda 
610 2 0 |a prognózy hospodárske 
100 1 |a Salinas Gortari, C.de